Normal view MARC view

Entry Topical Term

Number of records used in: 1

001 - CONTROL NUMBER

  • control field: 69290

003 - CONTROL NUMBER IDENTIFIER

  • control field:

005 - DATE AND TIME OF LATEST TRANSACTION

  • control field: 20260119152447.0

008 - FIXED-LENGTH DATA ELEMENTS

  • fixed length control field: 260119|| aca||aabn | a|a d

040 ## - CATALOGING SOURCE

  • Original cataloging agency:
  • Transcribing agency:

150 ## - HEADING--TOPICAL TERM

  • Topical term or geographic name entry element: Motor vehicles
  • Form subdivision: Nigeria (Ogun State)
  • General subdivision: Statistics
  • General subdivision: Periodicals

670 ## - SOURCE DATA FOUND

  • Source citation: Work cat.: ()23741: OGUN State (Nigeria) Ministry of Finance and Economic Development Statistics Division. 59947, A summary of current motor statistics- Jan. - Dec. 1977 /, (1978?)

National Library of Nigeria OPAC is powered by Koha